[Event "Madrid-ch Previa A 2014-2015"]
[Site "Madrid ESP"]
[Date "2015.02.02"]
[Round "1.27"]
[White "Vaquerizo Calvo, Miguel A"]
[Black "Jarne Anguita, Miguel"]
[Result "1/2-1/2"]
[WhiteElo "1844"]
[BlackElo "1431"]
[PlyCount "102"]
[EventDate "2015.02.02"]
[EventType "swiss"]
[EventRounds "9"]
[EventCountry "ESP"]
[Source "lmi"]
[SourceDate "2015.02.02"]

1. d4 d5 2. c4 e6 3. Nc3 Nf6 4. Nf3 Nbd7 5. Bg5 Be7 6. e3 O-O 7. Bd3 b6 8. Rc1
Bb7 9. cxd5 Nxd5 10. Bxe7 Qxe7 11. Nxd5 Bxd5 12. Qc2 Nf6 13. O-O Bxa2 14. b3
Bxb3 15. Qxb3 Nd5 16. Be4 Rfd8 17. Ne5 Rd6 18. Rc4 f6 19. Nc6 Qd7 20. Rfc1 a5
21. Bxd5 exd5 22. R4c3 Kh8 23. f3 Qe6 24. Qa3 Qe8 25. Qa4 Re6 26. Re1 Kg8 27.
Qc2 Ra6 28. Kf2 b5 29. Rc1 b4 30. Rc5 Rxe3 31. Rxd5 Rc3 32. Qxc3 bxc3 33. Rd8
Qxd8 34. Nxd8 Rd6 35. Nb7 Rxd4 36. Nxa5 Rd2+ 37. Kf1 c2 38. Ke1 Rxg2 39. Nb3
Rxh2 40. Nd4 c5 41. Nxc2 Kf7 42. Ne3 Ke6 43. Rxc5 h5 44. Kf1 h4 45. Kg1 Rd2 46.
Ng2 g5 47. f4 h3 48. Ne3 gxf4 49. Nf1 Ra2 50. Rh5 f3 51. Rxh3 f2+ 1/2-1/2

[Event "Madrid-ch Previa A 2014-2015"]
[Site "Madrid ESP"]
[Date "2015.02.02"]
[Round "1.28"]
[White "Morona Calvo, Virgilio"]
[Black "Gonzalez Recas, Fernando"]
[Result "1/2-1/2"]
[WhiteElo "1411"]
[BlackElo "1776"]
[PlyCount "102"]
[EventDate "2015.02.02"]
[EventType "swiss"]
[EventRounds "9"]
[EventCountry "ESP"]
[Source "lmi"]
[SourceDate "2015.02.02"]

1. e4 d6 2. Nf3 g6 3. d4 Nf6 4. Nc3 c6 5. Bd3 Nbd7 6. O-O Bg7 7. Be3 O-O 8. Re1
Re8 9. h3 e5 10. Rb1 Nh5 11. d5 Rf8 12. Bc4 Nb6 13. Bb3 c5 14. a3 f5 15. Bg5
Bf6 16. Qd2 f4 17. Bxf6 Qxf6 18. Kh2 g5 19. g3 Qh6 20. g4 Nf6 21. Kg2 Qg6 22.
Rh1 Nxe4 23. Nxe4 Qxe4 24. Rbe1 Qg6 25. Qd3 Kg7 26. Qxg6+ Kxg6 27. h4 Bxg4 28.
hxg5 h5 29. gxh6 Rh8 30. h7 Rae8 31. Rh4 Kf5 32. c4 e4 33. Ng1 Kg5 34. Rh2 f3+
35. Kg3 Bf5 36. Nxf3+ Kf6 37. Nd2 Rxh7 38. Rxh7 Bxh7 39. Kf4 Re5 40. Nxe4+
Rxe4+ 41. Rxe4 Bxe4 42. Kxe4 a5 43. Ba2 Na4 44. Kf4 Nxb2 45. Ke3 Nd1+ 46. Kf3
Ke5 47. Bb3 Nb2 48. Ke3 a4 49. f4+ Kf6 50. Ba2 Nd1+ 51. Kd2 Nf2 1/2-1/2

[Event "Madrid-ch Previa A 2014-2015"]
[Site "Madrid ESP"]
[Date "2015.02.02"]
[Round "1.29"]
[White "Montes De Santiago, Fernando"]
[Black "Jarne Ubieto, Francisco"]
[Result "1-0"]
[WhiteElo "1774"]
[BlackElo "1325"]
[PlyCount "63"]
[EventDate "2015.02.02"]
[EventType "swiss"]
[EventRounds "9"]
[EventCountry "ESP"]
[Source "lmi"]
[SourceDate "2015.02.02"]

1. d4 d5 2. c4 e6 3. Nf3 Nf6 4. e3 Bd6 5. b3 O-O 6. Bb2 b6 7. Be2 Bb7 8. Nbd2
Nbd7 9. Rc1 Ne4 10. a3 f5 11. b4 c5 12. dxc5 bxc5 13. b5 Re8 14. Qb3 Kh8 15. a4
e5 16. cxd5 Ndf6 17. Nxe4 Nxe4 18. O-O Qc7 19. Rfd1 Nf6 20. Ng5 e4 21. Ne6 Qf7
22. Bc4 Bc8 23. Ba3 Bxe6 24. dxe6 Qc7 25. h3 g6 26. Bd5 Rab8 27. Bc6 Re7 28.
Bxc5 Bxc5 29. Rxc5 a6 30. Qc3 Kg7 31. Rd7 Rxd7 32. exd7 1-0

[Event "Madrid-ch Previa A 2014-2015"]
[Site "Madrid ESP"]
[Date "2015.02.02"]
[Round "1.30"]
[White "Dominguez Afonso, Ayraldo"]
[Black "Osorio Ramos, Francisco"]
[Result "0-1"]
[WhiteElo "1574"]
[BlackElo "1761"]
[PlyCount "86"]
[EventDate "2015.02.02"]
[EventType "swiss"]
[EventRounds "9"]
[EventCountry "ESP"]
[Source "lmi"]
[SourceDate "2015.02.02"]

1. e4 c5 2. Nf3 d6 3. d4 cxd4 4. Nxd4 Nf6 5. Nc3 a6 6. Bc4 e6 7. Be3 Be7 8. f3
O-O 9. Qd2 Bd7 10. O-O-O Qc7 11. Bb3 b5 12. g4 Nc6 13. h4 Nxd4 14. Bxd4 a5 15.
a4 b4 16. Ne2 e5 17. Be3 Be6 18. Bxe6 fxe6 19. g5 Nh5 20. Rdf1 Rac8 21. b3 Qc6
22. Rhg1 g6 23. Ng3 Nxg3 24. Rxg3 d5 25. exd5 exd5 26. f4 d4 27. Bg1 e4 28.
Bxd4 Rfd8 29. c3 Qd6 30. Qe3 Qxd4 31. Qxd4 Rxd4 32. Kc2 bxc3 33. Rxc3 Rxc3+ 34.
Kxc3 Rd3+ 35. Kc4 Rf3 36. Rd1 Rxf4 37. Kb5 Rf5+ 38. Kc4 e3 39. Kd4 e2 40. Re1
Rf2 41. Ke3 Bb4 42. Rxe2 Rxe2+ 43. Kxe2 Kf7 0-1

[Event "Madrid-ch Previa A 2014-2015"]
[Site "Madrid ESP"]
[Date "2015.02.03"]
[Round "2.1"]
[White "Pana, Dorin"]
[Black "Fernandez Garcia, Ignacio"]
[Result "1/2-1/2"]
[WhiteElo "1943"]
[BlackElo "1836"]
[PlyCount "101"]
[EventDate "2015.02.02"]
[EventType "swiss"]
[EventRounds "9"]
[EventCountry "ESP"]
[Source "lmi"]
[SourceDate "2015.02.02"]

1. e4 d5 2. e5 Bf5 3. d4 e6 4. Nf3 h6 5. c3 Nd7 6. Be3 a6 7. Bd3 Bxd3 8. Qxd3
c5 9. O-O cxd4 10. cxd4 Ne7 11. Nbd2 Nf5 12. a3 Be7 13. Rac1 O-O 14. Rc2 Rc8
15. Rfc1 Rxc2 16. Qxc2 Qb6 17. b4 Qb5 18. Nb3 Nb6 19. Na5 Rc8 20. Qd1 Rxc1 21.
Bxc1 Nc4 22. Nb3 Qa4 23. g4 Nh4 24. Nxh4 Bxh4 25. Qc2 Be7 26. Na1 Nb6 27. Qxa4
Nxa4 28. Nb3 b6 29. f3 Kf8 30. Kf2 Ke8 31. Ke2 Kd7 32. Kd3 Kc6 33. f4 Kb5 34.
Kc2 a5 35. bxa5 bxa5 36. Bd2 Bxa3 37. Nxa5 Be7 38. Nb3 Kc4 39. f5 Bg5 40. fxe6
fxe6 41. Bxg5 hxg5 42. h3 Nc3 43. Nc5 Kxd4 44. Nxe6+ Kxe5 45. Nxg5 Ne4 46. Nf3+
Kf4 47. Nd4 g6 48. Ne6+ Kg3 49. Kd3 Nf2+ 50. Kd4 Nxh3 51. g5 1/2-1/2

[Event "Madrid-ch Previa A 2014-2015"]
[Site "Madrid ESP"]
[Date "2015.02.03"]
[Round "2.2"]
[White "Martos De La Vega, Alvar"]
[Black "Martin-Consuegra Barrilero, Ja"]
[Result "1-0"]
[WhiteElo "1933"]
[BlackElo "1801"]
[PlyCount "60"]
[EventDate "2015.02.02"]
[EventType "swiss"]
[EventRounds "9"]
[EventCountry "ESP"]
[Source "lmi"]
[SourceDate "2015.02.02"]

1. d4 d6 2. c4 e5 3. g3 exd4 4. Qxd4 Nc6 5. Qd2 Nf6 6. Bg2 g6 7. e3 Bg7 8. Ne2
Ne5 9. Na3 c6 10. f4 Neg4 11. h3 Nh6 12. O-O O-O 13. Rd1 Ne8 14. Kh2 f5 15. Rb1
Be6 16. b3 Qc7 17. Nc2 Rd8 18. Ncd4 Bc8 19. b4 a6 20. a4 Nf7 21. b5 c5 22. Nf3
Nf6 23. Nc3 Ne4 24. Nxe4 fxe4 25. Ng1 Qe7 26. Qd5 Rfe8 27. Ne2 Kf8 28. Rb3 Qe6
29. Bb2 axb5 30. Bxg7+ Kxg7 1-0

[Event "Madrid-ch Previa A 2014-2015"]
[Site "Madrid ESP"]
[Date "2015.02.03"]
[Round "2.3"]
[White "Lopez Peral, Enrique"]
[Black "Santamaria Baeza, Adolfo"]
[Result "1/2-1/2"]
[WhiteElo "1837"]
[BlackElo "1892"]
[PlyCount "74"]
[EventDate "2015.02.02"]
[EventType "swiss"]
[EventRounds "9"]
[EventCountry "ESP"]
[Source "lmi"]
[SourceDate "2015.02.02"]

1. Nf3 Nf6 2. b3 d5 3. Bb2 e6 4. e3 Bd6 5. c4 c5 6. Be2 Nc6 7. cxd5 exd5 8. d4
cxd4 9. Nxd4 Bb4+ 10. Bc3 Bxc3+ 11. Nxc3 Qa5 12. Qd2 Nxd4 13. Qxd4 O-O 14. O-O
Be6 15. Bf3 Rac8 16. Rfc1 Rc6 17. Qa4 Qc7 18. Ne2 Rc8 19. Rxc6 bxc6 20. Nd4 Bd7
21. Rc1 c5 22. Qa3 Qb6 23. Ne2 Bg4 24. Bxg4 Nxg4 25. h3 Nf6 26. Nf4 g5 27. Nd3
Nd7 28. Qa4 Qc7 29. Qg4 h6 30. h4 Qd8 31. hxg5 hxg5 32. Qf5 c4 33. Ne5 Nxe5 34.
Qxe5 f6 35. Qe6+ Kg7 36. bxc4 Rxc4 37. Rxc4 dxc4 1/2-1/2

[Event "Madrid-ch Previa A 2014-2015"]
[Site "Madrid ESP"]
[Date "2015.02.03"]
[Round "2.4"]
[White "Garcia Gonzalez, Pedro A"]
[Black "Perea Blanco, David"]
[Result "0-1"]
[WhiteElo "1823"]
[BlackElo "1876"]
[PlyCount "52"]
[EventDate "2015.02.02"]
[EventType "swiss"]
[EventRounds "9"]
[EventCountry "ESP"]
[Source "lmi"]
[SourceDate "2015.02.02"]

1. d4 Nf6 2. Nf3 e6 3. e3 c5 4. Bd3 d5 5. b3 Nc6 6. Bb2 Be7 7. Nbd2 b6 8. a3
O-O 9. O-O Bb7 10. Rc1 Rc8 11. c4 cxd4 12. exd4 Na5 13. Qe2 Ne4 14. Bxe4 dxe4
15. Ne5 f6 16. Ng4 f5 17. Ne5 Bf6 18. Rfd1 Bxe5 19. dxe5 Qg5 20. b4 Nc6 21. Nf1
Rfd8 22. Ng3 g6 23. Rd6 Nxe5 24. Bxe5 Rxd6 25. Rc2 Rd7 26. c5 f4 0-1

[Event "Madrid-ch Previa A 2014-2015"]
[Site "Madrid ESP"]
[Date "2015.02.03"]
[Round "2.5"]
[White "Camarero Izquierdo, Juan Carlo"]
[Black "Montes De Santiago, Fernando"]
[Result "1-0"]
[WhiteElo "1875"]
[BlackElo "1774"]
[PlyCount "75"]
[EventDate "2015.02.02"]
[EventType "swiss"]
[EventRounds "9"]
[EventCountry "ESP"]
[Source "lmi"]
[SourceDate "2015.02.02"]

1. d4 Nf6 2. Nc3 g6 3. e4 d6 4. Be3 Bg7 5. Qd2 O-O 6. Bh6 e5 7. Bxg7 Kxg7 8. d5
Ng4 9. h4 f5 10. f3 Nf6 11. exf5 Bxf5 12. g4 Bc8 13. h5 gxh5 14. g5 Ng8 15.
O-O-O Qe8 16. Kb1 Bf5 17. Bd3 Bg6 18. Be4 Nd7 19. Nge2 Nc5 20. Ng3 Ne7 21. Rh4
Nxe4 22. fxe4 Rf3 23. Qh2 Qf7 24. Nxh5+ Bxh5 25. Rxh5 Rh8 26. a3 Rf2 27. Qh1
Ng6 28. Rg1 Qf3 29. Qxf3 Rxf3 30. Nb5 Nf4 31. Rh6 Rf2 32. Nxc7 Rf8 33. Rgh1 Re2
34. c4 Rxe4 35. Nb5 Rd8 36. Nxd6 Re2 37. Rxh7+ Kg6 38. R7h6+ 1-0

[Event "Madrid-ch Previa A 2014-2015"]
[Site "Madrid ESP"]
[Date "2015.02.03"]
[Round "2.6"]
[White "Fernandez Aransay, Fernando"]
[Black "Boni De Aristizabal, Marco"]
[Result "1-0"]
[WhiteElo "1869"]
[BlackElo "1723"]
[PlyCount "53"]
[EventDate "2015.02.02"]
[EventType "swiss"]
[EventRounds "9"]
[EventCountry "ESP"]
[Source "lmi"]
[SourceDate "2015.02.02"]

1. e4 Nf6 2. e5 Nd5 3. d4 d6 4. c4 Nb6 5. exd6 cxd6 6. d5 Bf5 7. Nc3 N8d7 8.
Be3 Ne5 9. b3 g6 10. f4 Ng4 11. Bd4 Nf6 12. Be2 h5 13. Nf3 Bh6 14. Ng5 O-O 15.
O-O Nbd7 16. Bd3 Bxd3 17. Qxd3 b6 18. Rae1 Nc5 19. Qg3 Qd7 20. f5 Kg7 21. fxg6
fxg6 22. Bxc5 Bxg5 23. Qxg5 bxc5 24. Re6 Rae8 25. Ne4 a6 26. Nxf6 exf6 27.
Rfxf6 1-0

[Event "Madrid-ch Previa A 2014-2015"]
[Site "Madrid ESP"]
[Date "2015.02.03"]
[Round "2.7"]
[White "Corral Aragon, Juan Maria"]
[Black "Lopez Heras, Arturo"]
[Result "1-0"]
[WhiteElo "1809"]
[BlackElo "1866"]
[PlyCount "131"]
[EventDate "2015.02.02"]
[EventType "swiss"]
[EventRounds "9"]
[EventCountry "ESP"]
[Source "lmi"]
[SourceDate "2015.02.02"]

1. e4 e5 2. Nf3 Nc6 3. Bb5 f5 4. d4 fxe4 5. Nxe5 Nxe5 6. dxe5 c6 7. Bc4 Qa5+ 8.
Nc3 Qxe5 9. Bxg8 Rxg8 10. O-O d5 11. f3 Bc5+ 12. Kh1 e3 13. f4 Qf5 14. Qf3 d4
15. Ne4 Be6 16. Nxc5 Qxc5 17. c3 dxc3 18. Bxe3 Qd5 19. bxc3 Qxf3 20. Rxf3 Bd5
21. Rh3 h6 22. Bd4 Kf7 23. a4 Rge8 24. Rg3 g6 25. f5 g5 26. h4 Rg8 27. hxg5
hxg5 28. Rh3 b6 29. Rh7+ Kf8 30. Be5 Bf7 31. Re1 Rd8 32. a5 Rd7 33. axb6 axb6
34. Ra1 Be8 35. Rh6 Rf7 36. Bd6+ Kg7 37. Rg6+ Kh7 38. Rxg8 Kxg8 39. Ra8 Rf8 40.
Bxf8 Kxf8 41. Kh2 Ke7 42. Kg3 Bf7 43. Ra6 Kf6 44. Rxb6 Bd5 45. c4 Be4 46. Kf2
Kxf5 47. Rb8 Ke5 48. Re8+ Kd4 49. Rg8 Kxc4 50. Rxg5 Kd4 51. Rg8 c5 52. Ke2 c4
53. g4 Bd3+ 54. Kd1 Ke5 55. Kd2 Kf6 56. Ke3 Kf7 57. Rc8 Kg6 58. Kf4 Kf6 59.
Rc6+ Ke7 60. Ke5 Kd7 61. Rd6+ Kc7 62. g5 Bh7 63. g6 Bg8 64. Rd1 Kc6 65. g7 Kc5
66. Rd8 1-0

[Event "Madrid-ch Previa A 2014-2015"]
[Site "Madrid ESP"]
[Date "2015.02.03"]
[Round "2.8"]
[White "Saber, Salah"]
[Black "Del Noval Nemeshazi, Nesztor"]
[Result "1-0"]
[WhiteElo "1866"]
[BlackElo "1616"]
[PlyCount "67"]
[EventDate "2015.02.02"]
[EventType "swiss"]
[EventRounds "9"]
[EventCountry "ESP"]
[Source "lmi"]
[SourceDate "2015.02.02"]

1. Nf3 Nf6 2. c4 g6 3. g3 Bg7 4. Bg2 O-O 5. Nc3 d5 6. cxd5 Nxd5 7. O-O e6 8.
Nxd5 exd5 9. d3 Bg4 10. Bg5 Qd7 11. Qd2 Re8 12. Rfe1 Bh3 13. Bh1 f6 14. Bh6 Bh8
15. Rac1 Nc6 16. a3 Ne5 17. Nxe5 Rxe5 18. Bf4 c6 19. Bxe5 fxe5 20. e4 d4 21. b4
a6 22. Bg2 Be6 23. Rf1 a5 24. f4 axb4 25. Qxb4 Bf6 26. Ra1 Be7 27. Qb2 Ra5 28.
a4 b5 29. axb5 Rxb5 30. Qd2 Bb4 31. Qf2 Bc3 32. Ra8+ Kg7 33. fxe5 Qf7 34. Ra7
1-0

[Event "Madrid-ch Previa A 2014-2015"]
[Site "Madrid ESP"]
[Date "2015.02.03"]
[Round "2.9"]
[White "Garcia Lopez, Pedro"]
[Black "Perez Cameselle, Francisco"]
[Result "0-1"]
[WhiteElo "1784"]
[BlackElo "1849"]
[PlyCount "112"]
[EventDate "2015.02.02"]
[EventType "swiss"]
[EventRounds "9"]
[EventCountry "ESP"]
[Source "lmi"]
[SourceDate "2015.02.02"]

1. d4 Nf6 2. c4 c5 3. d5 e6 4. Nc3 exd5 5. cxd5 d6 6. e4 g6 7. Bd3 Bg7 8. Nge2
O-O 9. O-O Na6 10. a3 Nc7 11. h3 b5 12. Bg5 b4 13. axb4 cxb4 14. Nb5 Nxb5 15.
Bxb5 Qb6 16. Bc6 Bb7 17. Be3 Qc7 18. Bxb7 Qxb7 19. f3 Nd7 20. Bd4 Bxd4+ 21.
Nxd4 Qb6 22. Kh2 a5 23. b3 Nc5 24. Nc6 Qc7 25. Nd4 Ra6 26. Qd2 Qb6 27. Rfb1
Rfa8 28. Nc6 Qb7 29. h4 h5 30. g4 hxg4 31. Qg5 gxf3 32. h5 Nxe4 33. Qf4 Nc3 34.
hxg6 Nxd5 35. gxf7+ Qxf7 36. Rg1+ Kf8 37. Qh6+ Ke8 38. Rae1+ Kd7 39. Rg7 Qxg7
40. Qxg7+ Kxc6 41. Rc1+ Nc3 42. Qf6 R6a7 43. Qxf3+ Kb6 44. Qe3+ Kb5 45. Qd3+
Kc6 46. Qc4+ Kb6 47. Rg1 Rh8+ 48. Kg2 Rg7+ 49. Kf2 Rf8+ 50. Ke3 Rxg1 51. Qd4+
Kc6 52. Qc4+ Kb7 53. Qh4 Re8+ 54. Kf2 Rge1 55. Qh7+ R8e7 56. Qh3 R7e2+ 0-1

[Event "Madrid-ch Previa A 2014-2015"]
[Site "Madrid ESP"]
[Date "2015.02.03"]
[Round "2.10"]
[White "Osorio Ramos, Francisco"]
[Black "Hernandez Garcia, Carlos"]
[Result "1/2-1/2"]
[WhiteElo "1761"]
[BlackElo "1838"]
[PlyCount "56"]
[EventDate "2015.02.02"]
[EventType "swiss"]
[EventRounds "9"]
[EventCountry "ESP"]
[Source "lmi"]
[SourceDate "2015.02.02"]

1. d4 Nf6 2. Nf3 d5 3. c4 c6 4. Nc3 e6 5. e3 Be7 6. Be2 dxc4 7. Bxc4 O-O 8. O-O
Nbd7 9. Qc2 a6 10. Rd1 Qc7 11. e4 e5 12. dxe5 Nxe5 13. Nxe5 Qxe5 14. g3 b5 15.
Be2 b4 16. Bf4 Qe6 17. e5 bxc3 18. exf6 Bxf6 19. bxc3 Re8 20. Bf3 Qc4 21. Rd6
Qxc3 22. Qxc3 Bxc3 23. Rad1 Bb7 24. Rd7 Bc8 25. R7d3 Bf6 26. Bxc6 Bg4 27. Bxe8
Bxd1 28. Bc6 Rd8 1/2-1/2

[Event "Madrid-ch Previa A 2014-2015"]
[Site "Madrid ESP"]
[Date "2015.02.03"]
[Round "2.11"]
[White "Fernandez Rios, Jose Francisco"]
[Black "Camacho Casado, Demetrio"]
[Result "0-1"]
[WhiteElo "1715"]
[BlackElo "1933"]
[PlyCount "44"]
[EventDate "2015.02.02"]
[EventType "swiss"]
[EventRounds "9"]
[EventCountry "ESP"]
[Source "lmi"]
[SourceDate "2015.02.02"]

1. d4 Nf6 2. c4 e5 3. dxe5 Ng4 4. Nf3 Nc6 5. Nc3 Bc5 6. e3 Ngxe5 7. Nxe5 Nxe5
8. Be2 O-O 9. O-O d6 10. Ne4 Bb6 11. Ng3 f5 12. b3 Be6 13. Qd2 Qh4 14. Bb2 Rf6
15. Rfd1 Rh6 16. Nf1 f4 17. g3 fxg3 18. fxg3 Qh3 19. Bd4 Rf8 20. Re1 Rxf1+ 21.
Bxf1 Nf3+ 22. Kf2 Qxh2+ 0-1

[Event "Madrid-ch Previa A 2014-2015"]
[Site "Madrid ESP"]
[Date "2015.02.03"]
[Round "2.12"]
[White "Martinez Miura, Enrique"]
[Black "Morona Minguez, Miguel"]
[Result "1/2-1/2"]
[WhiteElo "1732"]
[BlackElo "1913"]
[PlyCount "72"]
[EventDate "2015.02.02"]
[EventType "swiss"]
[EventRounds "9"]
[EventCountry "ESP"]
[Source "lmi"]
[SourceDate "2015.02.02"]

1. e4 e5 2. Nf3 Nc6 3. Bb5 a6 4. Ba4 Nf6 5. d3 d6 6. h3 b5 7. Bb3 Na5 8. Nbd2
Be7 9. O-O O-O 10. c3 Nxb3 11. Nxb3 c5 12. a4 Bb7 13. Bg5 Qc7 14. Re1 Rfd8 15.
Qc2 c4 16. dxc4 bxc4 17. Nbd2 a5 18. Rad1 Rab8 19. Nf1 Bc6 20. N3d2 Be8 21.
Bxf6 Bxf6 22. Ne3 Qc6 23. Ndxc4 Qxa4 24. Qxa4 Bxa4 25. Ra1 Bc6 26. f3 a4 27.
Red1 Bg5 28. Nd5 Rb5 29. Nb4 Rc5 30. Nxd6 g6 31. Nxc6 Rxc6 32. Nb5 Rc5 33.
Rxd8+ Bxd8 34. Na3 Rc6 35. Nb5 Rc5 36. Na3 Rc6 1/2-1/2

[Event "Madrid-ch Previa A 2014-2015"]
[Site "Madrid ESP"]
[Date "2015.02.03"]
[Round "2.13"]
[White "Rueda Maria, Ramiro"]
[Black "Leniz Martinez, Francisco"]
[Result "1-0"]
[WhiteElo "1905"]
[BlackElo "1702"]
[PlyCount "53"]
[EventDate "2015.02.02"]
[EventType "swiss"]
[EventRounds "9"]
[EventCountry "ESP"]
[Source "lmi"]
[SourceDate "2015.02.02"]

1. c4 e5 2. Nc3 Nf6 3. Nf3 Nc6 4. d4 exd4 5. Nxd4 Nxd4 6. Qxd4 c6 7. e4 d6 8.
Bf4 Nh5 9. Be3 Be7 10. Be2 Nf6 11. O-O O-O 12. Rad1 Qc7 13. Bf4 Rd8 14. c5 Ne8
15. cxd6 Nxd6 16. Rd3 Be6 17. Rfd1 Qc8 18. Qc5 b6 19. Qa3 Nf5 20. Rxd8+ Bxd8
21. exf5 Bxf5 22. Bf3 Bg4 23. Bxg4 Qxg4 24. Qd6 Bf6 25. Be5 Bg5 26. Qxc6 Rc8
27. Qd7 1-0

[Event "Madrid-ch Previa A 2014-2015"]
[Site "Madrid ESP"]
[Date "2015.02.03"]
[Round "2.14"]
[White "Cano Mercado, Francisco Manuel"]
[Black "Rodriguez Bachiller, Luis"]
[Result "1-0"]
[WhiteElo "1886"]
[BlackElo "1714"]
[PlyCount "143"]
[EventDate "2015.02.02"]
[EventType "swiss"]
[EventRounds "9"]
[EventCountry "ESP"]
[Source "lmi"]
[SourceDate "2015.02.02"]

1. d4 Nf6 2. Bg5 d6 3. Nd2 Nbd7 4. e4 g6 5. Ngf3 Bg7 6. Bc4 O-O 7. Qe2 e5 8.
dxe5 Nxe5 9. Nxe5 dxe5 10. O-O-O Qe7 11. h4 h6 12. Bxf6 Qxf6 13. g4 Be6 14. g5
Bxc4 15. Qxc4 Qb6 16. h5 Kh7 17. Kb1 Rad8 18. Qe2 Rd4 19. Rdg1 Rfd8 20. Nf3
R4d6 21. gxh6 Bh8 22. Ng5+ Kg8 23. hxg6 Rxg6 24. h7+ Kf8 25. Nf3 Qf6 26. a3 Qg7
27. Rxg6 Qxg6 28. Qe3 b6 29. Rg1 Qxh7 30. Qg5 Re8 31. Rg4 f6 32. Qh4 Qxh4 33.
Nxh4 Kf7 34. Nf5 Ke6 35. c3 Rd8 36. Kc2 a5 37. a4 c6 38. b4 c5 39. bxa5 bxa5
40. Kb3 Kf7 41. Kc4 Rd2 42. Kxc5 Rxf2 43. Kb5 Re2 44. c4 Ke6 45. c5 Kd7 46. Rh4
Rb2+ 47. Kxa5 Kc6 48. Rxh8 Re2 49. Rf8 Rxe4 50. Rxf6+ Kxc5 51. Nd6 Rb4 52. Nf7
Re4 53. Re6 Kd4 54. Rxe5 Rf4 55. Re7 Rf6 56. Rc7 Rf5+ 57. Kb6 Rf6+ 58. Kb7 Kd5
59. a5 Rf1 60. a6 Rb1+ 61. Ka7 Re1 62. Nd8 Kd6 63. Rg7 Re8 64. Nb7+ Kc6 65.
Na5+ Kb5 66. Rg5+ Kb4 67. Kb6 Rb8+ 68. Kc7 Ra8 69. Kb7 Rh8 70. a7 Rh7+ 71. Kb6
Rh6+ 72. Nc6+ 1-0

[Event "Madrid-ch Previa A 2014-2015"]
[Site "Madrid ESP"]
[Date "2015.02.03"]
[Round "2.15"]
[White "Beekhof Harmsen, Willen"]
[Black "Lozano Sanchez, Jose Antonio"]
[Result "0-1"]
[WhiteElo "1654"]
[BlackElo "1873"]
[PlyCount "81"]
[EventDate "2015.02.02"]
[EventType "swiss"]
[EventRounds "9"]
[EventCountry "ESP"]
[Source "lmi"]
[SourceDate "2015.02.02"]

1. d4 d5 2. Nf3 Nf6 3. e3 c6 4. Bd3 e6 5. Nbd2 Bd6 6. O-O Nbd7 7. Qe2 O-O 8. e4
dxe4 9. Nxe4 Be7 10. b3 Re8 11. Bb2 Nd5 12. Ng3 Nf4 13. Bxh7+ Kxh7 14. Qe4+ Ng6
15. Rad1 Nf6 16. Qd3 Nd5 17. c4 Nb4 18. Qb1 Bf6 19. Ne5 Bxe5 20. dxe5 Qe7 21.
a3 Na6 22. f4 Rh8 23. b4 b6 24. Qd3 Rb8 25. Rf3 Rb7 26. Nh5 Rd7 27. Bd4 c5 28.
Rh3 Kg8 29. Nf6+ gxf6 30. Rxh8+ Nxh8 31. exf6 Qd6 32. Qh3 Qxf4 33. Rf1 Qxd4+
34. Kh1 Qe4 35. Qh6 Qg6 36. Qc1 Bb7 37. Rf2 Be4 38. Rd2 Rxd2 39. Qxd2 Qxg2+ 40.
Qxg2+ Bxg2+ 41. Kxg2 0-1

[Event "Madrid-ch Previa A 2014-2015"]
[Site "Madrid ESP"]
[Date "2015.02.03"]
[Round "2.16"]
[White "Villodre Miranda, Juan Alonso"]
[Black "Jimenez Gonzalez, Marcos"]
[Result "0-1"]
[WhiteElo "1683"]
[BlackElo "1856"]
[PlyCount "96"]
[EventDate "2015.02.02"]
[EventType "swiss"]
[EventRounds "9"]
[EventCountry "ESP"]
[Source "lmi"]
[SourceDate "2015.02.02"]

1. c4 c6 2. Nc3 d5 3. cxd5 cxd5 4. d4 Nc6 5. e3 Nf6 6. h3 Bf5 7. Bd3 Bxd3 8.
Qxd3 e6 9. a3 Be7 10. Nge2 O-O 11. b4 a6 12. O-O Qd7 13. e4 dxe4 14. Nxe4 Nxe4
15. Qxe4 Bf6 16. Be3 Ne7 17. Rad1 Nd5 18. Nf4 Nc3 19. Qf3 Nxd1 20. Rxd1 Bg5 21.
Qg3 Bxf4 22. Bxf4 f6 23. Rc1 Rac8 24. Rd1 Rfd8 25. Be3 Qd5 26. Qg4 Qd7 27. Re1
e5 28. Qxd7 Rxd7 29. dxe5 fxe5 30. Bc5 Re8 31. a4 Rd3 32. a5 Kf7 33. Re4 Ke6
34. f4 Kd5 35. Rxe5+ Rxe5 36. fxe5 Kxe5 37. h4 h5 38. Kf2 Kf4 39. Ke2 Rb3 40.
Bd6+ Kg4 41. g3 Rxg3 42. Bxg3 Kxg3 43. Ke3 Kxh4 44. Kf3 g5 45. Kg2 Kg4 46. Kh2
Kf3 47. Kg1 Kg3 48. Kh1 Kf2 0-1

[Event "Madrid-ch Previa A 2014-2015"]
[Site "Madrid ESP"]
[Date "2015.02.03"]
[Round "2.17"]
[White "Lopez Oneto, Manuel"]
[Black "Cortijo Manso, Luis"]
[Result "1/2-1/2"]
[WhiteElo "1855"]
[BlackElo "1508"]
[PlyCount "76"]
[EventDate "2015.02.02"]
[EventType "swiss"]
[EventRounds "9"]
[EventCountry "ESP"]
[Source "lmi"]
[SourceDate "2015.02.02"]

1. e4 e6 2. d4 d5 3. Nd2 dxe4 4. Nxe4 Bd7 5. Bd3 Bc6 6. Nf3 Nd7 7. Be3 Ngf6 8.
Nxf6+ Nxf6 9. h3 Be7 10. O-O O-O 11. c3 a6 12. Re1 Bxf3 13. Qxf3 Qd5 14. Qxd5
Nxd5 15. Bd2 Nf6 16. Be2 c6 17. Bf3 Rac8 18. g3 b5 19. a4 c5 20. dxc5 Rxc5 21.
b4 Rc7 22. axb5 axb5 23. Ra5 Rd8 24. Re2 Nd5 25. Kg2 Nxc3 26. Bxc3 Rxc3 27.
Rxb5 Rcc8 28. Rb7 Bf8 29. b5 Rb8 30. Rb2 Rxb7 31. Bxb7 Bc5 32. Bc6 Rb8 33. Rd2
g6 34. Kf3 Kg7 35. Ke4 Bb6 36. Kf3 Rd8 37. Ra2 Rb8 38. Ke2 h5 1/2-1/2

[Event "Madrid-ch Previa A 2014-2015"]
[Site "Madrid ESP"]
[Date "2015.02.03"]
[Round "2.18"]
[White "Roldan Garcia, Angel"]
[Black "Morona Calvo, Virgilio"]
[Result "1-0"]
[WhiteElo "1824"]
[BlackElo "1411"]
[PlyCount "89"]
[EventDate "2015.02.02"]
[EventType "swiss"]
[EventRounds "9"]
[EventCountry "ESP"]
[Source "lmi"]
[SourceDate "2015.02.02"]

1. e4 e5 2. Nf3 Nc6 3. Bb5 d6 4. d4 exd4 5. Nxd4 Bd7 6. O-O Nf6 7. Nc3 Be7 8.
Re1 O-O 9. Bf4 a6 10. Nxc6 Bxc6 11. Bxc6 bxc6 12. e5 dxe5 13. Bxe5 Nd5 14. Qf3
Bf6 15. Rad1 Re8 16. Bxf6 Rxe1+ 17. Rxe1 gxf6 18. Rd1 Qe7 19. Nxd5 cxd5 20.
Qxd5 Re8 21. h3 Qe2 22. Qd2 Re6 23. Qxe2 Rxe2 24. Rc1 Kg7 25. Kf1 Re6 26. Rd1
c5 27. Rd5 Rc6 28. Ke2 Kg6 29. Kd3 f5 30. Kc4 Re6 31. Rd2 Re5 32. g3 h5 33. f4
Re3 34. Rd3 Re2 35. Rc3 h4 36. gxh4 Kh5 37. Kxc5 Re4 38. Rf3 Kxh4 39. c4 Re2
40. b4 Rxa2 41. Kb6 Ra4 42. Rb3 a5 43. Kb5 Rxb4+ 44. Rxb4 axb4 45. Kxb4 1-0